000 01234nam2a2200253 4500
001 RU\NLR\BIBL_A\012644375
005 20211125130222.0
010 _a978-5-6046475-1-6
_bч. 4
_9100
021 _aRU
_bКН-П-21-048129
_9КН-П-21-3787
035 _a(NLR Aleph) 012644375
090 _a12706312
_c12706312
100 _a20211117d2021 e y0rusy50 ca
101 0 _arus
102 _aRU
105 _aa z 000zy
200 1 _aДома
210 _d2021
215 _a454, [8] с.
_cил.
300 _aНа 4-й с. обл. авт.: А. Подводный, астролог, эзотерик, психолог, философ, поэт
461 0 _1001RU\NLR\BIBL_A\012582108
_12001#$aКаббалистическая астрология$fАвессалом Подводный$vЧ. 4
_1700#1$aПодводный$bА. Б.$gАвессалом Бонифатьевич$3RU\NLR\AUTH\779743$f1953-2018
_912525070
_aПодводный, А. Б. (1953-2018)
_cНижний Новгород
_d2021
_fАвессалом Подводный
_nМосквичев А.Г.
_tКаббалистическая астрология
_y9785604604809
_vЧ. 4
942 _cBOOK
980 _aNB